000 00713nam a22002177a 4500
003 UA-OsUOA
001 73507
007 ta
008 20110303b un ||||| |||| 00| 0 ukr d
100 _aКоробков Д.В.
090 _a330(477)
_bК68
942 _cSA
040 _aUA-OsUOA
_bukr
_cUA-OsUOA
_dUA-OsUOA
245 _aМультиплікатори оцінки акцій, які враховують рентабельність, структуру капіталу і ризик компаній
300 _aС.94-101
955 _a0
041 _aukr
080 _a330(477)
773 0 _w73498
_tФінанси України
_dК.
_d2011
_g1
650 7 _a330 Економіка взагалі
_2UDC
999 _c359792
_d359792